[Event "Liga Madrileña - DH 2018-2019"]
[Site "Madrid ESP"]
[Date "2018.11.18"]
[Round "1.3"]
[White "Rubio Mejia, Luis Ignacio"]
[Black "Quevedo Marin, Manuel"]
[Result "1/2-1/2"]
[WhiteElo "2439"]
[BlackElo "2200"]
[PlyCount "95"]
[EventDate "2018.11.18"]
[EventType "team-tourn"]
[EventRounds "14"]
[EventCountry "ESP"]
[SourceTitle "Ajedrez en Madrid"]
[Source "lmi"]
[SourceDate "2018.11.18"]
[SourceVersion "1"]
[SourceVersionDate "2019.04.02"]
[SourceQuality "1"]
[WhiteTeam "Virgen de Atocha"]
[BlackTeam "San Sebastian de los Reyes"]
[WhiteTeamCountry "ESP"]
[BlackTeamCountry "ESP"]

1. d4 Nf6 2. c4 g6 3. Nc3 d5 4. Nf3 Bg7 5. Bf4 O-O 6. e3 c5 7. dxc5 Qa5 8. Rc1
dxc4 9. Bxc4 Qxc5 10. Bb3 Nc6 11. O-O Qa5 12. h3 Bf5 13. Qe2 Ne4 14. g4 Nxc3
15. bxc3 e5 16. Bg3 Bc8 17. Rfd1 Qc5 18. Ng5 Qe7 19. Ne4 Be6 20. Bxe6 Qxe6 21.
Nc5 Qe7 22. Qb5 b6 23. Qxc6 Rfc8 24. Qb7 Qxc5 25. c4 Qc6 26. Rd7 Qxb7 27. Rxb7
Rcb8 28. Rxb8+ Rxb8 29. Rd1 h6 30. Rd7 Rc8 31. Rxa7 Rxc4 32. a4 f5 33. gxf5
gxf5 34. f3 Kf8 35. Kf1 Rc2 36. e4 fxe4 37. fxe4 Rc4 38. Bf2 Rb4 39. Ra6 Rxe4
40. Bxb6 Bf6 41. Ra7 Bh4 42. a5 Re1+ 43. Kg2 e4 44. Bc5+ Kg8 45. a6 Re2+ 46.
Kf1 Re1+ 47. Kg2 Re2+ 48. Kf1 1/2-1/2

[Event "Liga Madrileña - DH 2018-2019"]
[Site "Madrid ESP"]
[Date "2018.11.18"]
[Round "1.4"]
[White "Alfaya Marcelo, Roberto"]
[Black "Plazuelo Pascual, Juan"]
[Result "1/2-1/2"]
[WhiteElo "2150"]
[BlackElo "2418"]
[PlyCount "44"]
[EventDate "2018.11.18"]
[EventType "team-tourn"]
[EventRounds "14"]
[EventCountry "ESP"]
[SourceTitle "Ajedrez en Madrid"]
[Source "lmi"]
[SourceDate "2018.11.18"]
[SourceVersion "1"]
[SourceVersionDate "2019.04.02"]
[SourceQuality "1"]
[WhiteTeam "San Sebastian de los Reyes"]
[BlackTeam "Virgen de Atocha"]
[WhiteTeamCountry "ESP"]
[BlackTeamCountry "ESP"]

1. e4 e6 2. d4 d5 3. Bd3 c5 4. exd5 exd5 5. Nf3 c4 6. Be2 Nf6 7. b3 cxb3 8.
axb3 Nc6 9. O-O Be7 10. Ba3 Bxa3 11. Rxa3 O-O 12. Bb5 Ne7 13. c4 Bg4 14. c5 b6
15. Be2 Qc7 16. b4 a5 17. cxb6 Qxb6 18. Rxa5 Rxa5 19. bxa5 Qxa5 20. Qd2 Qxd2
21. Nbxd2 Ne4 22. Bd3 Nxd2 1/2-1/2

[Event "Liga Madrileña - DH 2018-2019"]
[Site "Madrid ESP"]
[Date "2018.11.18"]
[Round "1.5"]
[White "Cabrera Trujillo, Jorge Juan"]
[Black "Hernandez Ramos, David"]
[Result "1-0"]
[WhiteElo "2324"]
[BlackElo "2082"]
[PlyCount "47"]
[EventDate "2018.11.18"]
[EventType "team-tourn"]
[EventRounds "14"]
[EventCountry "ESP"]
[SourceTitle "Ajedrez en Madrid"]
[Source "lmi"]
[SourceDate "2018.11.18"]
[SourceVersion "1"]
[SourceVersionDate "2019.04.02"]
[SourceQuality "1"]
[WhiteTeam "Virgen de Atocha"]
[BlackTeam "San Sebastian de los Reyes"]
[WhiteTeamCountry "ESP"]
[BlackTeamCountry "ESP"]

1. Nf3 e6 2. c4 Nf6 3. g3 b6 4. Bg2 Bb7 5. O-O Be7 6. d4 O-O 7. d5 exd5 8. Nh4
Ne4 9. cxd5 Nd6 10. Nf3 Bf6 11. Nc3 Qe7 12. Re1 Ne4 13. Nxe4 Qxe4 14. Ng5 Qc4
15. e4 Re8 16. e5 Bxg5 17. Bxg5 Na6 18. b3 Qb4 19. Rc1 Qa3 20. Rc4 Nc5 21. Qc2
Ba6 22. Bc1 Qa5 23. Bd2 Qa3 24. Bb4 1-0

[Event "Liga Madrileña - DH 2018-2019"]
[Site "Madrid ESP"]
[Date "2018.11.18"]
[Round "1.6"]
[White "Anton Quevedo, Andrea"]
[Black "Aguilera Lopez, Alejandro"]
[Result "0-1"]
[WhiteElo "1882"]
[BlackElo "2184"]
[PlyCount "92"]
[EventDate "2018.11.18"]
[EventType "team-tourn"]
[EventRounds "14"]
[EventCountry "ESP"]
[SourceTitle "Ajedrez en Madrid"]
[Source "lmi"]
[SourceDate "2018.11.18"]
[SourceVersion "1"]
[SourceVersionDate "2019.04.02"]
[SourceQuality "1"]
[WhiteTeam "San Sebastian de los Reyes"]
[BlackTeam "Virgen de Atocha"]
[WhiteTeamCountry "ESP"]
[BlackTeamCountry "ESP"]

1. e4 c5 2. Nf3 e6 3. d4 cxd4 4. Nxd4 Nf6 5. Bd3 Nc6 6. Nxc6 bxc6 7. O-O d5 8.
Nd2 Bc5 9. e5 Nd7 10. Nf3 a5 11. Qe2 Qb6 12. Bf4 Ba6 13. c4 Rb8 14. Rab1 h6 15.
Nd2 a4 16. Qg4 g5 17. Bg3 Be7 18. Qh5 Qd4 19. Qe2 Nc5 20. Bc2 Rxb2 21. Nf3 Qc3
22. Rxb2 Qxb2 23. Rb1 Qxa2 24. Rb8+ Bd8 25. Nd4 Qa1+ 26. Qd1 Qxd1+ 27. Bxd1 Kd7
28. cxd5 cxd5 29. Ra8 a3 30. Nb3 Nxb3 31. Bxb3 Bb5 32. Rxa3 Bb6 33. h4 Rc8 34.
hxg5 hxg5 35. Ba4 Rc1+ 36. Kh2 Kc6 37. f4 g4 38. Bh4 Bxa4 39. Rxa4 Kb5 40. Ra8
Rf1 41. Bg5 d4 42. Ra2 Ba5 43. Kg3 d3 44. f5 exf5 45. Bh6 Be1+ 46. Kh2 g3+ 0-1

[Event "Liga Madrileña - DH 2018-2019"]
[Site "Madrid ESP"]
[Date "2018.11.25"]
[Round "2.1"]
[White "Vallejo Diaz, Javier"]
[Black "Moreno Trujillo, Alejandro"]
[Result "0-1"]
[WhiteElo "2382"]
[BlackElo "2509"]
[PlyCount "178"]
[EventDate "2018.11.18"]
[EventType "team-tourn"]
[EventRounds "14"]
[EventCountry "ESP"]
[SourceTitle "Ajedrez en Madrid"]
[Source "lmi"]
[SourceDate "2018.11.18"]
[SourceVersion "1"]
[SourceVersionDate "2019.04.02"]
[SourceQuality "1"]
[WhiteTeam "Alcorcon"]
[BlackTeam "64 Villalba"]
[WhiteTeamCountry "ESP"]
[BlackTeamCountry "ESP"]

1. e4 e6 2. d4 d5 3. Nd2 dxe4 4. Nxe4 Nd7 5. Nf3 Ngf6 6. Nxf6+ Nxf6 7. Be3 Nd5
8. Bd2 c5 9. Bb5+ Bd7 10. Bxd7+ Qxd7 11. c4 Nb6 12. Rc1 Be7 13. dxc5 Bxc5 14.
b4 Be7 15. c5 Nd5 16. Ne5 Qc7 17. Qa4+ Kf8 18. Nd3 h5 19. O-O h4 20. h3 Rh5 21.
Rfd1 Kg8 22. b5 Rf5 23. Ba5 b6 24. cxb6 Qb7 25. bxa7 Qxa7 26. Rc6 Nb6 27. Qe4
Qxa5 28. Rxb6 Rd8 29. Rb7 Bf6 30. Rf1 Rxb5 31. Rxb5 Qxb5 32. Nc1 Qa6 33. Qc2
Rc8 34. Qb1 Bg5 35. Nd3 Ra8 36. Nc1 Qa4 37. Qd3 Rc8 38. Qb3 Qxb3 39. Nxb3 Ra8
40. Nd4 Rxa2 41. Nf3 Bf6 42. Rc1 g6 43. Kf1 Kg7 44. Rc4 g5 45. Rg4 Kh6 46. Rc4
Ra7 47. Ke2 Rb7 48. Nh2 Be7 49. Nf3 Kg7 50. Rc6 Rb2+ 51. Ke1 Kf6 52. Nh2 Bd8
53. Ng4+ Ke7 54. Ne5 Rb5 55. Nd3 Kd7 56. Ra6 Bc7 57. Ke2 f6 58. Ra8 e5 59. Ke3
Ke6 60. Re8+ Kf5 61. g4+ hxg3 62. fxg3 Bb6+ 63. Kf3 Rd5 64. g4+ Kg6 65. Ne1 Bc5
66. Ng2 Kf7 67. Ra8 Bb6 68. Ra6 Rb5 69. h4 gxh4 70. Nxh4 Rb3+ 71. Kg2 Rb4 72.
Kg3 Rb3+ 73. Kg2 Ke6 74. Ra4 Rb2+ 75. Kf3 Rb3+ 76. Ke2 Kd5 77. Nf5 Bc5 78. Ra6
Rb2+ 79. Kd3 e4+ 80. Kc3 Rf2 81. Ra5 Rf3+ 82. Kc2 Rf2+ 83. Kc3 Rf3+ 84. Kc2 Ra3
85. Rb5 Kc4 86. Rb8 Ra2+ 87. Kd1 e3 88. Ng3 Bd6 89. Rc8+ Kd3 0-1

[Event "Liga Madrileña - DH 2018-2019"]
[Site "Madrid ESP"]
[Date "2018.11.25"]
[Round "2.2"]
[White "Gallardo Garcia, Andres"]
[Black "Pulvett Marin, Daniel Eduardo"]
[Result "1/2-1/2"]
[WhiteElo "2329"]
[BlackElo "2463"]
[PlyCount "29"]
[EventDate "2018.11.18"]
[EventType "team-tourn"]
[EventRounds "14"]
[EventCountry "ESP"]
[SourceTitle "Ajedrez en Madrid"]
[Source "lmi"]
[SourceDate "2018.11.18"]
[SourceVersion "1"]
[SourceVersionDate "2019.04.02"]
[SourceQuality "1"]
[WhiteTeam "64 Villalba"]
[BlackTeam "Alcorcon"]
[WhiteTeamCountry "ESP"]
[BlackTeamCountry "ESP"]

1. d4 Nf6 2. c4 e6 3. Nf3 b6 4. g3 Ba6 5. Qa4 Bb7 6. Bg2 c5 7. O-O cxd4 8. Nxd4
Bxg2 9. Kxg2 Be7 10. Rd1 Qc8 11. Nc3 a6 12. e4 Qb7 13. f3 O-O 14. Be3 Rc8 15.
Rac1 1/2-1/2

[Event "Liga Madrileña - DH 2018-2019"]
[Site "Madrid ESP"]
[Date "2018.11.25"]
[Round "2.3"]
[White "Vallejo Diaz, Jesus"]
[Black "Ruperez Benito, Antonio"]
[Result "1/2-1/2"]
[WhiteElo "2239"]
[BlackElo "2348"]
[PlyCount "82"]
[EventDate "2018.11.18"]
[EventType "team-tourn"]
[EventRounds "14"]
[EventCountry "ESP"]
[SourceTitle "Ajedrez en Madrid"]
[Source "lmi"]
[SourceDate "2018.11.18"]
[SourceVersion "1"]
[SourceVersionDate "2019.04.02"]
[SourceQuality "1"]
[WhiteTeam "Alcorcon"]
[BlackTeam "64 Villalba"]
[WhiteTeamCountry "ESP"]
[BlackTeamCountry "ESP"]

1. e4 e6 2. d4 d5 3. Nd2 Nf6 4. e5 Nfd7 5. f4 c5 6. c3 Nc6 7. Ndf3 cxd4 8. cxd4
f5 9. Bd3 Be7 10. Ne2 O-O 11. h3 Nb6 12. g4 Bd7 13. Kf2 Be8 14. Ng3 Bh4 15. Kg2
Bg6 16. gxf5 exf5 17. Nxh4 Qxh4 18. Be2 Rac8 19. Be3 Rfd8 20. Rc1 Ne7 21. b3
Bf7 22. Qd2 Be6 23. a4 Nd7 24. Bd3 Kh8 25. Rxc8 Rxc8 26. Rc1 Rf8 27. Qb4 Rf7
28. Qd6 Nf8 29. Be2 g5 30. Nh5 Neg6 31. Bf2 Nxf4+ 32. Nxf4 Qxf4 33. Rc7 Kg8 34.
Rxf7 Bxf7 35. Qf6 Ne6 36. Bd3 Nxd4 37. Qd8+ Kg7 38. Qf6+ Kg8 39. Qd8+ Kg7 40.
Qf6+ Kg8 41. Qd8+ Kg7 1/2-1/2

[Event "Liga Madrileña - DH 2018-2019"]
[Site "Madrid ESP"]
[Date "2018.11.25"]
[Round "2.4"]
[White "Vega Gomez, Francisco Borja"]
[Black "Medina Riesgo, Pedro"]
[Result "1-0"]
[WhiteElo "2277"]
[BlackElo "2163"]
[PlyCount "113"]
[EventDate "2018.11.18"]
[EventType "team-tourn"]
[EventRounds "14"]
[EventCountry "ESP"]
[SourceTitle "Ajedrez en Madrid"]
[Source "lmi"]
[SourceDate "2018.11.18"]
[SourceVersion "1"]
[SourceVersionDate "2019.04.02"]
[SourceQuality "1"]
[WhiteTeam "64 Villalba"]
[BlackTeam "Alcorcon"]
[WhiteTeamCountry "ESP"]
[BlackTeamCountry "ESP"]

1. Nf3 d5 2. d4 Nf6 3. c4 e6 4. e3 Bb4+ 5. Nbd2 O-O 6. Bd3 Nbd7 7. a3 dxc4 8.
Bxc4 Be7 9. Nf1 c5 10. Ng3 b5 11. Be2 c4 12. a4 Nb6 13. axb5 Bd7 14. O-O Bxb5
15. Ne5 a6 16. Bd2 Nfd7 17. f4 Nxe5 18. fxe5 Nd5 19. Qe1 Bh4 20. Rf3 f5 21.
exf6 Rxf6 22. Qf1 Bxg3 23. hxg3 Rxf3 24. gxf3 Qg5 25. Kf2 Rf8 26. Qh3 Rf6 27.
Qh4 Qxh4 28. gxh4 Rf7 29. Rc1 Rb7 30. e4 Ne7 31. Ke3 Kf7 32. h5 h6 33. f4 Ng8
34. Bf3 Rd7 35. Rg1 Nf6 36. Bc3 Rd8 37. d5 exd5 38. Bxf6 gxf6 39. exd5 Be8 40.
Be2 Ke7 41. Bxc4 Bxh5 42. Kd4 Kd6 43. Rh1 Bf3 44. Rxh6 Rf8 45. Rh3 Bg2 46. Ra3
Ra8 47. Ra5 Kc7 48. Rc5+ Kd7 49. Rc6 a5 50. Rxf6 a4 51. Ra6 Rb8 52. Rxa4 Rxb2
53. Ke5 Rc2 54. f5 Bh3 55. f6 Rf2 56. Ra7+ Ke8 57. Bd3 1-0

[Event "Liga Madrileña - DH 2018-2019"]
[Site "Madrid ESP"]
[Date "2018.11.25"]
[Round "2.5"]
[White "Cabrejos Tovar, Jose"]
[Black "Longa Yauca, Javier"]
[Result "1-0"]
[WhiteElo "2156"]
[BlackElo "2271"]
[PlyCount "65"]
[EventDate "2018.11.18"]
[EventType "team-tourn"]
[EventRounds "14"]
[EventCountry "ESP"]
[SourceTitle "Ajedrez en Madrid"]
[Source "lmi"]
[SourceDate "2018.11.18"]
[SourceVersion "1"]
[SourceVersionDate "2019.04.02"]
[SourceQuality "1"]
[WhiteTeam "Alcorcon"]
[BlackTeam "64 Villalba"]
[WhiteTeamCountry "ESP"]
[BlackTeamCountry "ESP"]

1. f4 d5 2. Nf3 Nf6 3. g3 e6 4. Bg2 Nbd7 5. O-O Bd6 6. d3 O-O 7. Nc3 e5 8. e4
c6 9. Kh1 d4 10. Ne2 c5 11. h3 Nh5 12. f5 Qc7 13. Bd2 Rb8 14. Qc1 c4 15. g4
Nhf6 16. Qe1 Nc5 17. g5 Nh5 18. Qh4 g6 19. dxc4 b5 20. b4 Nxe4 21. fxg6 hxg6
22. c5 Nxd2 23. Nxd2 Be7 24. Ne4 Bb7 25. Nf6+ Bxf6 26. gxf6 Bxg2+ 27. Kxg2 Qc6+
28. Kg1 Rfd8 29. Ng3 Nf4 30. Rxf4 exf4 31. Nf5 Re8 32. Nh6+ Kf8 33. Ng4 1-0

[Event "Liga Madrileña - DH 2018-2019"]
[Site "Madrid ESP"]
[Date "2018.11.25"]
[Round "2.6"]
[White "Ponce Cano, Adrian"]
[Black "Ramos del Campo, Alexander"]
[Result "1-0"]
[WhiteElo "2163"]
[BlackElo "2103"]
[PlyCount "79"]
[EventDate "2018.11.18"]
[EventType "team-tourn"]
[EventRounds "14"]
[EventCountry "ESP"]
[SourceTitle "Ajedrez en Madrid"]
[Source "lmi"]
[SourceDate "2018.11.18"]
[SourceVersion "1"]
[SourceVersionDate "2019.04.02"]
[SourceQuality "1"]
[WhiteTeam "64 Villalba"]
[BlackTeam "Alcorcon"]
[WhiteTeamCountry "ESP"]
[BlackTeamCountry "ESP"]

1. e4 e6 2. Nf3 c5 3. d4 cxd4 4. Bg5 Be7 5. Bxe7 Nxe7 6. Qxd4 O-O 7. Nc3 Nbc6
8. Qd6 Qb6 9. O-O-O Qxf2 10. Bd3 Ng6 11. Rde1 Qb6 12. Qg3 Nb4 13. h4 Nxd3+ 14.
cxd3 Ne7 15. h5 h6 16. Rh4 f5 17. e5 Qa6 18. Nd4 Rb8 19. Ndb5 Nd5 20. Nxd5 Qxb5
21. Nf6+ Kf7 22. Qg6+ Ke7 23. Qxg7+ Rf7 24. Ng8+ Ke8 25. Qg6 Qa5 26. Re2 Qd8
27. Nxh6 Qxh4 28. Qxf7+ Kd8 29. Qf8+ Kc7 30. Qd6+ Kd8 31. Nf7+ Ke8 32. Qxb8
Qf4+ 33. Rd2 Kxf7 34. Qxc8 Qa4 35. h6 Qxa2 36. Qxd7+ Kg6 37. Qg7+ Kh5 38. g3
Qa1+ 39. Kc2 Qa4+ 40. Kb1 1-0

[Event "Liga Madrileña - DH 2018-2019"]
[Site "Madrid ESP"]
[Date "2018.11.24"]
[Round "2.1"]
[White "Bolado Saez, Sergio"]
[Black "Vazquez Igarza, Renier"]
[Result "0-1"]
[WhiteElo "2367"]
[BlackElo "2572"]
[PlyCount "116"]
[EventDate "2018.11.18"]
[EventType "team-tourn"]
[EventRounds "14"]
[EventCountry "ESP"]
[SourceTitle "Ajedrez en Madrid"]
[Source "lmi"]
[SourceDate "2018.11.18"]
[SourceVersion "1"]
[SourceVersionDate "2019.04.02"]
[SourceQuality "1"]
[WhiteTeam "Blanco y Negro"]
[BlackTeam "Collado Villalba"]
[WhiteTeamCountry "ESP"]
[BlackTeamCountry "ESP"]

1. d4 Nf6 2. c4 g6 3. Nf3 Bg7 4. Bf4 c5 5. d5 b5 6. Nbd2 d6 7. Qc2 Nh5 8. Bg5
h6 9. Bh4 g5 10. Bg3 bxc4 11. e4 O-O 12. Nxc4 Na6 13. a3 f5 14. exf5 Bxf5 15.
Bd3 Qd7 16. Rd1 Nc7 17. Ne3 Bxd3 18. Rxd3 Rab8 19. b3 Nb5 20. Nc4 Qf5 21. O-O
Nxg3 22. hxg3 Nd4 23. Nxd4 Bxd4 24. Na5 Qxd5 25. Kh1 Rbc8 26. Nc4 Qe4 27. Nd2
Qf5 28. Nf3 Bg7 29. Qe2 Rce8 30. Rfd1 Kh8 31. Rd5 Qf7 32. g4 Rb8 33. Qe3 Bf6
34. R5d3 Kg7 35. g3 Rb6 36. Kg2 Rfb8 37. Nd2 Bd4 38. Qe2 Qd5+ 39. Rf3 R6b7 40.
Kh2 Qe5 41. Qf1 e6 42. Qa6 Qd5 43. Qe2 Rf8 44. Rxf8 Kxf8 45. Rf1 Rf7 46. f3 Kg7
47. Nc4 e5 48. Qd3 Qe6 49. Nd2 d5 50. Kg2 Qg6 51. Qe2 Qc2 52. Kh3 a5 53. a4 Qc3
54. Re1 Qc2 55. Qg2 Qd3 56. Re2 Qg6 57. f4 e4 58. f5 Rxf5 0-1

[Event "Liga Madrileña - DH 2018-2019"]
[Site "Madrid ESP"]
[Date "2018.11.24"]
[Round "2.2"]
[White "Gascon del Nogal, Jose Rafael"]
[Black "Taboas Rodriguez, Daniel"]
[Result "1-0"]
[WhiteElo "2479"]
[BlackElo "2364"]
[PlyCount "63"]
[EventDate "2018.11.18"]
[EventType "team-tourn"]
[EventRounds "14"]
[EventCountry "ESP"]
[SourceTitle "Ajedrez en Madrid"]
[Source "lmi"]
[SourceDate "2018.11.18"]
[SourceVersion "1"]
[SourceVersionDate "2019.04.02"]
[SourceQuality "1"]
[WhiteTeam "Collado Villalba"]
[BlackTeam "Blanco y Negro"]
[WhiteTeamCountry "ESP"]
[BlackTeamCountry "ESP"]

1. d4 Nf6 2. c4 g6 3. Nc3 Bg7 4. e4 d6 5. Nge2 O-O 6. Ng3 c5 7. d5 e6 8. Be2
exd5 9. cxd5 Na6 10. O-O Nc7 11. a4 Na6 12. Bg5 h6 13. Be3 Nb4 14. Qd2 h5 15.
Bg5 Bd7 16. Bxh5 gxh5 17. Nxh5 Nxh5 18. Bxd8 Raxd8 19. Nb5 Bxb5 20. axb5 a6 21.
Ra3 axb5 22. Qg5 Rfe8 23. Qxh5 Rxe4 24. Rg3 f6 25. Qg6 Re7 26. Qxf6 Rdd7 27.
Ra1 Na6 28. h4 Rf7 29. Qg5 Kf8 30. h5 Rf6 31. Re1 Nc7 32. h6 1-0

[Event "Liga Madrileña - DH 2018-2019"]
[Site "Madrid ESP"]
[Date "2018.11.24"]
[Round "2.3"]
[White "Ballester Llagaria, Luis Eduardo"]
[Black "Moreno Ruiz, Javier"]
[Result "0-1"]
[WhiteElo "2302"]
[BlackElo "2446"]
[PlyCount "82"]
[EventDate "2018.11.18"]
[EventType "team-tourn"]
[EventRounds "14"]
[EventCountry "ESP"]
[SourceTitle "Ajedrez en Madrid"]
[Source "lmi"]
[SourceDate "2018.11.18"]
[SourceVersion "1"]
[SourceVersionDate "2019.04.02"]
[SourceQuality "1"]
[WhiteTeam "Blanco y Negro"]
[BlackTeam "Collado Villalba"]
[WhiteTeamCountry "ESP"]
[BlackTeamCountry "ESP"]

1. e4 e6 2. d4 d5 3. Nd2 Be7 4. Bd3 c5 5. dxc5 Nf6 6. Qe2 O-O 7. Ngf3 a5 8. O-O
Na6 9. e5 Nd7 10. c3 Naxc5 11. Bb5 Qc7 12. c4 Nb6 13. cxd5 Nxd5 14. Ne4 Bd7 15.
Nxc5 Bxb5 16. Qxb5 Qxc5 17. Qxc5 Bxc5 18. Bd2 a4 19. Rac1 Rfc8 20. g3 Rc6 21.
Kg2 Rac8 22. Rc2 Ba7 23. Rxc6 Rxc6 24. a3 h6 25. Rc1 Rxc1 26. Bxc1 Kf8 27. Nd2
Ke7 28. Nc4 Bc5 29. Nd2 Kd7 30. Ne4 Kc6 31. Kf3 Bd4 32. Nd6 f5 33. Nf7 Nb6 34.
Ke2 Kd5 35. f4 Nc4 36. Nd8 b5 37. Kd3 Nxb2+ 38. Kc2 Nc4 39. Nb7 h5 40. Kd3 Bg1
41. h3 Bf2 0-1

[Event "Liga Madrileña - DH 2018-2019"]
[Site "Madrid ESP"]
[Date "2018.11.24"]
[Round "2.4"]
[White "Suarez Uriel, Adrian"]
[Black "Alarcia Astiz, Carlos"]
[Result "1-0"]
[WhiteElo "2382"]
[BlackElo "2291"]
[PlyCount "105"]
[EventDate "2018.11.18"]
[EventType "team-tourn"]
[EventRounds "14"]
[EventCountry "ESP"]
[SourceTitle "Ajedrez en Madrid"]
[Source "lmi"]
[SourceDate "2018.11.18"]
[SourceVersion "1"]
[SourceVersionDate "2019.04.02"]
[SourceQuality "1"]
[WhiteTeam "Collado Villalba"]
[BlackTeam "Blanco y Negro"]
[WhiteTeamCountry "ESP"]
[BlackTeamCountry "ESP"]

1. e4 c6 2. d4 d5 3. e5 Bf5 4. Nc3 e6 5. g4 Bg6 6. Nge2 h6 7. h4 c5 8. Be3 Nc6
9. dxc5 Nxe5 10. Nf4 Bh7 11. Bb5+ Nc6 12. Qe2 a6 13. Bxc6+ bxc6 14. Bd4 Ne7 15.
O-O-O Qa5 16. Rh3 Ng6 17. Nxe6 fxe6 18. Qxe6+ Ne7 19. Re3 Qc7 20. Rde1 Ra7 21.
Na4 Qd7 22. Qd6 Kf7 23. Qf4+ Kg8 24. Nb6 Qe8 25. h5 Rb7 26. Qe5 Qf7 27. R1e2
Be4 28. f3 Bh7 29. Kb1 Qe8 30. a3 Qf7 31. Ka2 a5 32. Kb1 Qe8 33. Qd6 Ra7 34.
Ka2 Rb7 35. Re6 Qf7 36. Qd8 Bxc2 37. Qa8 Qxf3 38. Rxc2 Qxg4 39. Rce2 Nf5 40.
Bc3 Rf7 41. Qxc6 d4 42. Rg2 Qxh5 43. Bd2 Qh3 44. Re8 Nh4 45. Rge2 Kh7 46. Qe4+
Nf5 47. c6 Bd6 48. Rxh8+ Kxh8 49. Qe8+ Rf8 50. c7 Bxc7 51. Qxf8+ Kh7 52. Nd5
Bd6 53. Qf7 1-0

[Event "Liga Madrileña - DH 2018-2019"]
[Site "Madrid ESP"]
[Date "2018.11.24"]
[Round "2.5"]
[White "Shen, Yue"]
[Black "Martin Duque, Jesus"]
[Result "0-1"]
[WhiteElo "2271"]
[BlackElo "2357"]
[PlyCount "83"]
[EventDate "2018.11.18"]
[EventType "team-tourn"]
[EventRounds "14"]
[EventCountry "ESP"]
[SourceTitle "Ajedrez en Madrid"]
[Source "lmi"]
[SourceDate "2018.11.18"]
[SourceVersion "1"]
[SourceVersionDate "2019.04.02"]
[SourceQuality "1"]
[WhiteTeam "Blanco y Negro"]
[BlackTeam "Collado Villalba"]
[WhiteTeamCountry "ESP"]
[BlackTeamCountry "ESP"]

1. d4 Nf6 2. c4 e6 3. g3 c5 4. d5 exd5 5. cxd5 d6 6. Nc3 g6 7. Bg2 Bg7 8. Nf3
O-O 9. O-O Re8 10. Nd2 a6 11. a4 Nbd7 12. h3 Rb8 13. Nc4 Ne5 14. Na3 Nh5 15. e4
Bd7 16. a5 Qxa5 17. g4 Nf6 18. f4 Nexg4 19. hxg4 Nxg4 20. Nc2 Qd8 21. f5 Qh4
22. Bf4 Be5 23. Qd2 b5 24. b4 Rbc8 25. Bxe5 Rxe5 26. Rf3 gxf5 27. Qf4 cxb4 28.
Nxb4 Rc4 29. Rxa6 Rxb4 30. Rg3 Qe7 31. Qh6 Rc4 32. Ra8+ Rc8 33. Rxc8+ Bxc8 34.
Nxb5 f6 35. Bf3 Qb7 36. Bxg4 fxg4 37. Qxf6 Qxb5 38. Qxd6 Qb1+ 39. Kf2 Qc2+ 40.
Kf1 Qxe4 41. Rc3 Qe1+ 42. Kg2 0-1

[Event "Liga Madrileña - DH 2018-2019"]
[Site "Madrid ESP"]
[Date "2018.11.24"]
[Round "2.6"]
[White "Quispe Arteaga, Gabriel"]
[Black "Hidalgo Duque, Carlos"]
[Result "1/2-1/2"]
[WhiteElo "2357"]
[BlackElo "2232"]
[PlyCount "126"]
[EventDate "2018.11.18"]
[EventType "team-tourn"]
[EventRounds "14"]
[EventCountry "ESP"]
[SourceTitle "Ajedrez en Madrid"]
[Source "lmi"]
[SourceDate "2018.11.18"]
[SourceVersion "1"]
[SourceVersionDate "2019.04.02"]
[SourceQuality "1"]
[WhiteTeam "Collado Villalba"]
[BlackTeam "Blanco y Negro"]
[WhiteTeamCountry "ESP"]
[BlackTeamCountry "ESP"]

1. Nf3 d5 2. g3 Nf6 3. Bg2 e6 4. O-O Be7 5. c4 O-O 6. b3 b6 7. cxd5 exd5 8. Bb2
c5 9. d4 Nc6 10. Nc3 Be6 11. Rc1 Rc8 12. Na4 Ne4 13. dxc5 bxc5 14. Nd2 Nxd2 15.
Qxd2 c4 16. Rfd1 Bb4 17. Qf4 Qa5 18. Bxd5 Bxd5 19. Qg5 c3 20. Bxc3 Bxc3 21.
Rxd5 h6 22. Qf5 Qb4 23. Rb5 Qa3 24. Rxc3 Nd4 25. Qxc8 Rxc8 26. Rxc8+ Kh7 27.
Rd5 Qb4 28. Nc3 Nxe2+ 29. Nxe2 Qe1+ 30. Kg2 Qxe2 31. Rc4 Qxa2 32. Rd3 Qe2 33.
Rcd4 a5 34. Rf3 Qe6 35. Rdf4 f6 36. h3 Qc6 37. Kh2 Kg6 38. Re3 Kf7 39. Rc4 Qd6
40. Ree4 Qb6 41. Re3 Qd6 42. h4 h5 43. Rf4 Kg6 44. Rfe4 Qd2 45. Rf3 Qd5 46.
Ref4 Qc6 47. g4 Qd6 48. Kg2 Qc6 49. gxh5+ Kxh5 50. Rf5+ Kg4 51. h5 Qe4 52. h6
gxh6 53. Rxf6 h5 54. Rf8 Qd5 55. R8f7 h4 56. R7f4+ Kg5 57. Rc4 Qb7 58. Ra4 Qd5
59. Raf4 Qe5 60. Rf8 Qd5 61. R8f6 Qe4 62. Kh3 Qg4+ 63. Kh2 Qe4 1/2-1/2

[Event "Liga Madrileña - DH 2018-2019"]
[Site "Madrid ESP"]
[Date "2018.11.25"]
[Round "2.1"]
[White "Valles Moreno, Ivan"]
[Black "Reyes Larena, Juan"]
[Result "1/2-1/2"]
[WhiteElo "2413"]
[BlackElo "2451"]
[PlyCount "106"]
[EventDate "2018.11.18"]
[EventType "team-tourn"]
[EventRounds "14"]
[EventCountry "ESP"]
[SourceTitle "Ajedrez en Madrid"]
[Source "lmi"]
[SourceDate "2018.11.18"]
[SourceVersion "1"]
[SourceVersionDate "2019.04.02"]
[SourceQuality "1"]
[WhiteTeam "Liberty Chess"]
[BlackTeam "San Sebastian de los Reyes"]
[WhiteTeamCountry "ESP"]
[BlackTeamCountry "ESP"]

1. d4 Nf6 2. c4 g6 3. Nc3 Bg7 4. e4 d6 5. h3 c6 6. Bd3 a6 7. Nf3 b5 8. O-O O-O
9. a3 Nbd7 10. e5 Ne8 11. Be4 Qb6 12. Bg5 f6 13. Be3 bxc4 14. e6 Nb8 15. d5 c5
16. Nd2 Qd8 17. Nxc4 a5 18. Qa4 f5 19. Bf3 Ba6 20. Rfc1 Bxc4 21. Qxc4 Na6 22.
Rab1 Be5 23. Ne2 Ng7 24. Nf4 Bf6 25. Nd3 g5 26. Bd1 f4 27. Bd2 Nf5 28. Qe4 Bd4
29. Rc4 Qb8 30. Bc3 Qb5 31. b3 Bxc3 32. Rxc3 Qb7 33. b4 axb4 34. axb4 Nc7 35.
Bb3 Nb5 36. Rcc1 Na3 37. bxc5 Nxb1 38. Rxb1 dxc5 39. Nxc5 Qa7 40. Nd7 Nd6 41.
Qe2 f3 42. gxf3 Rf5 43. Rd1 Qa3 44. Rd3 Rc8 45. Kg2 Rc1 46. Ba2 Rc3 47. Rxc3
Qxc3 48. Bb1 Rxd5 49. Qa6 Qc8 50. Qa4 Rb5 51. Bd3 Rd5 52. Nb6 Qb7 53. Be4 Qxb6
1/2-1/2